Personal daily log : with interactive web-sites.

Đã lưu trong:
Sonraí Bibleagrafaíochta
Formáid: Leabhar
Teanga:English
Foilsithe: Englewood, CO : Morton, 1999.
Ábhair:
Clibeanna: Cuir Clib Leis
Gan Chlibeanna, Bí ar an gcéad duine leis an taifead seo a chlibeáil!
Thư viện lưu trữ: Mạng thư viện Đại học Đà Nẵng
LEADER 00809cam a2200325 i 4500
001 000047534
003 7220
005 20030312152144.0
008 010324|1999 vm 000 eng
020 |a 0895824701 
040 |a IRC  |c IRC  |d IRC 
041 0 |a eng 
082 1 4 |a 613.7  |b Pe-D 
245 0 0 |a Personal daily log :  |b with interactive web-sites. 
260 |a Englewood, CO :  |b Morton,  |c 1999. 
300 |a [28 p.] :  |b charts ;  |c 21.5cm. 
630 0 4 |a Health promotion. 
650 0 4 |a Health promotion. 
650 0 4 |a Physical fitness. 
650 0 4 |a Exercise. 
OWN |a DUT 
999 |a From the UDN01 
TYP |a Monograph 
TYP |a Printed language 
980 |a Mạng thư viện Đại học Đà Nẵng